Kongen Befaler Deltakere - Statistics

General Stats
  • This quiz has been taken 56 times
    47 since last reset
  • The average score is 12 of 38
Answer Stats
Sesong Deltaker % Correct
1 Bård Ylvisåker
86%
1, 2 & Julespesial 2023 Calle Hellevang-Larsen
86%
1 Vegard Ylvisåker
83%
2 Magnus Devold
74%
2 Jon Almaas
71%
1 & 2 Maria Stavang
69%
1 & Julespesial 2023 Siri Kristiansen
54%
4 & Julespesial 2023 Solveig Kloppen
51%
2 Mia Hundvin
49%
3 Erik Follestad
40%
3 Jenny Skavlan
37%
3 Linn Skåber
34%
4 Steinar Sagen
34%
5 Harald Eia
31%
6 Martha Leivestad
31%
7 & Julespesial 2023 Leo Ajkic
29%
6 Live Nelvik
29%
5 Martin Lepperød
29%
3 Trond Fausa Aurvåg
26%
4 Einar Tørnquist
23%
6 Henriette Steenstrup
20%
5 Janne Formoe
20%
8 Stian Blipp
20%
3 Egil Hegerberg
17%
7 Hani Hussein
14%
4 Ida Fladen
14%
5 Kristine Grændsen
14%
6 & Julespesial 2023 Kristoffer Olsen
14%
7 Vidar Magnussen
14%
8 Christian Skolmen
11%
6 Espen Eckbo
11%
5 Henrik Elvestad
11%
7 Lars Berrum
11%
4 Amir Asgharnejad
9%
7 Karin Klouman
9%
8 Tete Lidbom
9%
8 Tuva Billing
6%
8 Marte Stokstad
3%
No matching quizzes found
Score Distribution
Percent of People with Each Score
Percentile by Number Answered
Your Score History
You have not taken this quiz since the last reset